[Event "Grand Pacific op"]
[Site "Victoria CAN"]
[Date "2019.04.21"]
[Round "4.3"]
[White "Nyamdorj, Davaa-Ochir"]
[Black "Maisuradze, Nino"]
[Result "1/2-1/2"]
[WhiteElo "2344"]
[BlackElo "2290"]
[PlyCount "133"]
[EventDate "2019.04.19"]
[EventType "swiss"]
[EventRounds "6"]
[EventCountry "CAN"]

1. e4 c5 2. Nf3 Nc6 3. Bb5 g6 4. O-O Bg7 5. Re1 Nh6 6. c3 O-O 7. d4 Qb6 8. Bxc6
bxc6 9. h3 cxd4 10. cxd4 f6 11. Nc3 Nf7 12. b3 d6 13. Bb2 a5 14. Na4 Qb5 15.
Rc1 Bb7 16. e5 Rae8 17. Nc3 Qb6 18. Na4 Qa7 19. Qe2 fxe5 20. dxe5 Ba6 21. Qc2
Nd8 22. Qd2 Qc7 23. Bc3 Bc8 24. Bxa5 Qb8 25. exd6 exd6 26. Rxe8 Rxe8 27. Bxd8
Rxd8 28. Rxc6 Bb7 29. Qd5+ Kh8 30. Ng5 Rf8 31. Ne6 Qe8 32. Nxg7 Qxc6 33. Qxc6
Bxc6 34. Ne6 Re8 35. Ng5 Bxa4 36. bxa4 Re1+ 37. Kh2 Kg8 38. Kg3 h6 39. Nf3 Re4
40. a5 Ra4 41. Nd2 Rxa2 42. Ne4 Ra3+ 43. f3 d5 44. Nf6+ Kf7 45. Nxd5 Rxa5 46.
Nc3 Ke6 47. h4 Kf5 48. Ne4 Rd5 49. Nc3 Rd4 50. Ne2 Rc4 51. Kh3 Ke5 52. Kg3 Ra4
53. Nc3 Rc4 54. Ne2 h5 55. Ng1 Kf5 56. Ne2 Ke5 57. Ng1 Rc2 58. Nh3 Kd4 59. Nf4
Rc6 60. Kf2 Rf6 61. Kg3 Rf7 62. Ne6+ Ke5 63. Ng5 Re7 64. Nh3 Rd7 65. Nf4 Rd6
66. Nh3 Rf6 67. Ng5 {unterminated} 1/2-1/2

[Event "Grand Pacific op"]
[Site "Victoria CAN"]
[Date "2019.04.21"]
[Round "4.4"]
[White "Sali, Zulfikar"]
[Black "Mohammed Qanee, Arpak Worya"]
[Result "1-0"]
[WhiteElo "2311"]
[BlackElo "2220"]
[PlyCount "119"]
[EventDate "2019.04.19"]
[EventType "swiss"]
[EventRounds "6"]
[EventCountry "CAN"]

1. e4 e6 2. Qe2 b6 3. Nf3 Ba6 4. d3 Nc6 5. g3 g6 6. Bg2 Bg7 7. O-O Nge7 8. Nc3
O-O 9. h4 d5 10. e5 Nf5 11. Bg5 Qd7 12. Rfe1 h6 13. Bf4 Kh7 14. Qd2 Ncd4 15.
Nh2 c5 16. Nd1 Rac8 17. c3 Nc6 18. Nf3 d4 19. c4 b5 20. cxb5 Bxb5 21. b3 Nb4
22. Nb2 Nd5 23. Nc4 Bxc4 24. bxc4 Nc3 25. Qc1 Rb8 26. Nd2 Qa4 27. Ne4 Nxe4 28.
Bxe4 Rb6 29. h5 Rfb8 30. g4 Ne7 31. Kg2 Rb2 32. Rh1 Re2 33. hxg6+ fxg6 34. Qg1
Rf8 35. Qh2 Qe8 36. Raf1 Qf7 37. Bg3 Nf5 38. gxf5 gxf5 39. Bf3 f4 40. Be4+ Kh8
41. Bh4 Bxe5 42. Kg1 Rg8+ 43. Bg2 Qg7 44. Qh3 Rd2 45. Re1 Rxd3 46. f3 Rd2 47.
Bf2 Rxf2 48. Kxf2 Qg3+ 49. Qxg3 fxg3+ 50. Kf1 Bg7 51. Rxe6 d3 52. Rd6 Rb8 53.
Rxd3 Rb2 54. f4 Rf2+ 55. Kg1 Rxf4 56. Bd5 Rf2 57. Rxg3 Rxa2 58. Rhh3 Re2 59.
Kf1 Re7 60. Re3 1-0

[Event "Grand Pacific op"]
[Site "Victoria CAN"]
[Date "2019.04.21"]
[Round "4.5"]
[White "Zhu, Brandon"]
[Black "Gansvind, Valeria"]
[Result "1-0"]
[WhiteElo "2099"]
[BlackElo "2119"]
[PlyCount "159"]
[EventDate "2019.04.19"]
[EventType "swiss"]
[EventRounds "6"]
[EventCountry "CAN"]

1. d4 Nf6 2. c4 c5 3. d5 b5 4. cxb5 a6 5. f3 Qa5+ 6. Bd2 Qb6 7. e4 axb5 8. Na3
Ba6 9. Qe2 b4 10. Nc4 Qc7 11. Nh3 d6 12. a4 g6 13. Be3 Bxc4 14. Qxc4 Bg7 15.
Rc1 O-O 16. b3 Qd8 17. Be2 Nbd7 18. O-O Ra5 19. Qc2 Nb6 20. Qd2 Nfd7 21. Kh1
Qb8 22. Bh6 Rd8 23. Bxg7 Kxg7 24. Bb5 Nf6 25. Qg5 Ra7 26. Rce1 Qc8 27. Re2 h6
28. Qh4 Rf8 29. Qe1 Qb8 30. Qd2 Qc7 31. Qe3 Qc8 32. Rc2 Qb8 33. Qd2 Qd8 34. Nf2
Qc8 35. Nd3 Qb8 36. Qf2 Ra5 37. Re1 Ra7 38. h3 Ra5 39. Kg1 Ra7 40. Rec1 Nbd7
41. Qe3 Rd8 42. Bc6 Nb6 43. Rf1 Rf8 44. f4 Ra5 45. Nb2 Ra7 46. Qf3 Ra5 47. Re2
Nfd7 48. Qg4 Nf6 49. Qg3 Qa7 50. Kh1 Qc7 51. Qf3 Nfd7 52. Bb5 Ra7 53. Nd3 Nf6
54. Rc1 Qb8 55. Qg3 Qd8 56. f5 Nfd7 57. fxg6 fxg6 58. Nf4 Rxf4 59. Qxf4 Ne5 60.
Rf2 Nbd7 61. Bxd7 Rxd7 62. Qg3 Rc7 63. Kh2 Qe8 64. Rfc2 Qc8 65. Rf1 Qe8 66. Kg1
Qc8 67. Rf5 Kh7 68. Rxe5 dxe5 69. Qxe5 c4 70. Rf2 e6 71. bxc4 exd5 72. exd5 Ra7
73. Qd4 Re7 74. d6 Rg7 75. c5 b3 76. Rb2 Qe6 77. c6 Qe1+ 78. Kh2 Rf7 79. Rxb3
Rf1 80. Rb7+ 1-0

[Event "Grand Pacific op"]
[Site "Victoria CAN"]
[Date "2019.04.21"]
[Round "4.8"]
[White "Kostadinov, Georgi"]
[Black "Jiang, Kate"]
[Result "1-0"]
[WhiteElo "2205"]
[BlackElo "1810"]
[PlyCount "85"]
[EventDate "2019.04.19"]
[EventType "swiss"]
[EventRounds "6"]
[EventCountry "CAN"]

1. c4 c6 2. g3 d5 3. b3 Nf6 4. Bg2 Bf5 5. Nf3 Nbd7 6. Bb2 e6 7. d3 Bd6 8. Nbd2
h6 9. O-O O-O 10. Re1 Bc5 11. d4 Bb6 12. c5 Bc7 13. b4 Re8 14. Ne5 Bxe5 15.
dxe5 Ng4 16. e4 dxe4 17. Nc4 Qc7 18. Bxe4 Ngxe5 19. Nd6 Re7 20. Bxf5 exf5 21.
f4 Ng6 22. Nxf5 Rxe1+ 23. Qxe1 f6 24. Qe6+ Kf8 25. Nd6 Nh8 26. Re1 Qd8 27. Nxb7
Qc7 28. Nd6 Qd8 29. Bd4 g6 30. b5 cxb5 31. c6 Ne5 32. fxe5 f5 33. Bc5 Kg7 34.
Qf6+ Qxf6 35. exf6+ Kxf6 36. c7 Nf7 37. Bd4+ Kg5 38. Nxf7+ Kh5 39. Kg2 g5 40.
Re6 f4 41. Rxh6+ Kg4 42. h3+ Kf5 43. Nd6# 1-0

[Event "Grand Pacific op"]
[Site "Victoria CAN"]
[Date "2019.04.21"]
[Round "4.9"]
[White "Huang, Ryan"]
[Black "Huang, Patrick"]
[Result "0-1"]
[WhiteElo "1835"]
[BlackElo "2046"]
[PlyCount "70"]
[EventDate "2019.04.19"]
[EventType "swiss"]
[EventRounds "6"]
[EventCountry "CAN"]

1. d4 g6 2. e4 Bg7 3. Nf3 d6 4. Bc4 Nf6 5. Nc3 c6 6. Bb3 O-O 7. h3 b5 8. a3 a6
9. O-O Bb7 10. Re1 c5 11. Bg5 cxd4 12. Nxd4 Nbd7 13. f3 Rc8 14. Qd2 Qb6 15. Be3
Qc7 16. Rad1 Nb6 17. e5 dxe5 18. Ndxb5 axb5 19. Nxb5 Qb8 20. Bxb6 Ba6 21. Qa5
Rc6 22. Nc7 Qxb6+ 23. Qxb6 Rxb6 24. Nxa6 Rxa6 25. Bc4 Rd6 26. Kf2 Rfd8 27. Be2
e4 28. c4 Nh5 29. Rxd6 Rxd6 30. g4 e3+ 31. Kxe3 Bd4+ 32. Ke4 Ng3+ 33. Kf4 Bf2
34. Rb1 Nxe2+ 35. Ke4 Rd4+ 0-1

[Event "Grand Pacific op"]
[Site "Victoria CAN"]
[Date "2019.04.21"]
[Round "4.10"]
[White "Reeve, Jeff"]
[Black "Bhavik, Dave"]
[Result "1-0"]
[WhiteElo "2275"]
[BlackElo "1932"]
[PlyCount "59"]
[EventDate "2019.04.19"]
[EventType "swiss"]
[EventRounds "6"]
[EventCountry "CAN"]

1. g3 d5 2. Bg2 Nf6 3. Nf3 g6 4. O-O Bg7 5. d3 Nbd7 6. Nbd2 e5 7. c3 O-O 8. Qc2
c6 9. Rd1 Re8 10. e4 Nb6 11. a4 a5 12. c4 d4 13. c5 Nbd7 14. b3 Bf8 15. Ba3 Qc7
16. Rac1 Nb8 17. Nc4 Nfd7 18. Bh3 Bxc5 19. Bxc5 Nxc5 20. Bxc8 Rxc8 21. Ncxe5
Ne6 22. Qd2 Na6 23. Ng4 Nb4 24. Qh6 Qe7 25. Rc4 f6 26. Nxd4 Nxd4 27. Rxd4 Nc2
28. Rd7 Qxd7 29. Nxf6+ Kh8 30. Nxd7 1-0

[Event "Grand Pacific op"]
[Site "Victoria CAN"]
[Date "2019.04.21"]
[Round "5.2"]
[White "Fier, Alexandr"]
[Black "Zhu, Brandon"]
[Result "1-0"]
[WhiteElo "2631"]
[BlackElo "2099"]
[PlyCount "74"]
[EventDate "2019.04.19"]
[EventType "swiss"]
[EventRounds "6"]
[EventCountry "CAN"]

1. c4 Nf6 2. Nc3 g6 3. e4 d6 4. g3 Bg7 5. Bg2 O-O 6. Nge2 Nc6 7. O-O e5 8. d3
Nh5 9. Nd5 f5 10. exf5 Bxf5 11. h3 Be6 12. g4 Nf6 13. Bg5 Qd7 14. f4 Bxd5 15.
cxd5 Nd4 16. Nxd4 exd4 17. Qb3 h5 18. Rae1 hxg4 19. Re6 Nh7 20. Re7 Qf5 21. Be4
Nxg5 22. Bxf5 Nxh3+ 23. Kg2 Rxf5 24. Qxb7 Raf8 25. Qxc7 Bh6 26. Qxd6 R5f6 27.
Re6 Nxf4+ 28. Kh1 Kg7 29. Rxf6 Rxf6 30. Qd7+ Rf7 31. Qxg4 Rf5 32. d6 Rh5+ 33.
Kg1 Rg5 34. Rxf4 Rxg4+ 35. Rxg4 Be3+ 36. Kg2 Kf6 37. Re4 Kf5 1-0

[Event "Grand Pacific op"]
[Site "Victoria CAN"]
[Date "2019.04.21"]
[Round "5.3"]
[White "Maisuradze, Nino"]
[Black "Kostadinov, Georgi"]
[Result "1-0"]
[WhiteElo "2400"]
[BlackElo "2205"]
[PlyCount "85"]
[EventDate "2019.04.19"]
[EventType "swiss"]
[EventRounds "6"]
[EventCountry "CAN"]

1. d4 d5 2. c4 c6 3. Nc3 Nf6 4. cxd5 cxd5 5. Bf4 Nc6 6. e3 a6 7. Bd3 e6 8. Rc1
Bd6 9. Bxd6 Qxd6 10. f4 b5 11. Nf3 Bb7 12. O-O O-O 13. Ne5 Na5 14. Qe1 Nc4 15.
b3 Nb6 16. f5 exf5 17. Bxf5 g6 18. Qh4 Nbd7 19. Bh3 Kg7 20. Qf4 Nb6 21. Nxg6
Qxf4 22. Nxf4 Rfe8 23. Rf3 Re7 24. Rcf1 Bc6 25. Rg3+ Kf8 26. Ne6+ fxe6 27.
Rxf6+ Rf7 28. Rgf3 Raa7 29. Ne2 a5 30. Rxf7+ Rxf7 31. Bxe6 Rxf3 32. gxf3 b4 33.
Bf5 Bb5 34. Nc1 h6 35. Bd3 Bxd3 36. Nxd3 Ke7 37. Kf2 Nc4 38. bxc4 dxc4 39. Ke2
Kd6 40. Kd2 Kd5 41. Kc2 Kc6 42. Nb2 Kb5 43. f4 1-0

[Event "Grand Pacific op"]
[Site "Victoria CAN"]
[Date "2019.04.21"]
[Round "5.6"]
[White "Huang, Patrick"]
[Black "Mohammed Qanee, Arpak Worya"]
[Result "1-0"]
[WhiteElo "2046"]
[BlackElo "2220"]
[PlyCount "99"]
[EventDate "2019.04.19"]
[EventType "swiss"]
[EventRounds "6"]
[EventCountry "CAN"]

1. d4 d5 2. Bf4 c5 3. e3 cxd4 4. exd4 Nc6 5. c3 Nf6 6. Nf3 g6 7. Bd3 Bg7 8. h4
Bg4 9. Nbd2 O-O 10. Qb3 Nh5 11. Bh2 Qd7 12. O-O Bh6 13. Bb5 Qf5 14. Rae1 e6 15.
Ba4 Na5 16. Qb5 b6 17. b4 Bxf3 18. Nxf3 Nc4 19. Re2 Nf4 20. Bxf4 Bxf4 21. Bc2
Na3 22. Qa4 Nxc2 23. Qxc2 Rfc8 24. Qxf5 gxf5 25. Rc2 Rc7 26. g3 Bh6 27. Rb1
Rac8 28. Rb3 Bf8 29. b5 Rc4 30. Kf1 Bb4 31. Ne5 Rxc3 32. Rcxc3 Rxc3 33. Rxb4
Ra3 34. Rb2 Ra4 35. Nc6 Kg7 36. Ke2 Kf6 37. Kd3 Ra3+ 38. Kc2 h5 39. Nb4 f4 40.
Rb3 Ra4 41. a3 fxg3 42. Rf3+ Kg6 43. Rxg3+ Kf5 44. Kb3 Ra5 45. a4 Ke4 46. Nc6
f5 47. Re3+ Kf4 48. Nxa5 bxa5 49. Rxe6 Kf3 50. Ra6 1-0

[Event "Grand Pacific op"]
[Site "Victoria CAN"]
[Date "2019.04.21"]
[Round "5.7"]
[White "Sohal, Tanraj"]
[Black "Doknjas, Neil"]
[Result "1-0"]
[WhiteElo "2378"]
[BlackElo "2102"]
[PlyCount "97"]
[EventDate "2019.04.19"]
[EventType "swiss"]
[EventRounds "6"]
[EventCountry "CAN"]

1. d4 d5 2. c4 e6 3. Nc3 Nf6 4. Bg5 Be7 5. cxd5 exd5 6. e3 O-O 7. Bd3 c6 8. Qc2
Nbd7 9. Nf3 Re8 10. O-O Nf8 11. Rab1 Be6 12. b4 b5 13. a4 a6 14. Ne5 Rc8 15. h3
Nh5 16. Bxe7 Qxe7 17. Be2 Nf6 18. a5 Ng6 19. f4 Nxe5 20. fxe5 Ne4 21. Nxe4 dxe4
22. Qxe4 Bd5 23. Qf5 Be6 24. Qf4 f6 25. exf6 Qxf6 26. Qxf6 gxf6 27. Rxf6 Bd5
28. Kf2 Kg7 29. Rf4 Rcd8 30. Rc1 Rd6 31. Bd3 Be6 32. Rc5 h6 33. Re5 Red8 34.
Rf3 Rf8 35. Rxf8 Kxf8 36. Re4 Kg7 37. Rf4 Bd5 38. g4 Be6 39. Bc2 Bf7 40. Bf5
Rd8 41. h4 Bc4 42. Re4 Kf6 43. Rf4 Kg7 44. Kg3 Bb3 45. Re4 Kf6 46. Kf4 Rg8 47.
Re5 Kf7 48. Rc5 h5 49. g5 1-0

[Event "Grand Pacific op"]
[Site "Victoria CAN"]
[Date "2019.04.21"]
[Round "5.9"]
[White "Gansvind, Valeria"]
[Black "Murray, Mike"]
[Result "1/2-1/2"]
[WhiteElo "2119"]
[BlackElo "2024"]
[PlyCount "78"]
[EventDate "2019.04.19"]
[EventType "swiss"]
[EventRounds "6"]
[EventCountry "CAN"]

1. d4 Nc6 2. Nf3 e6 3. e3 Nf6 4. Nbd2 d5 5. b3 Be7 6. a3 Ne4 7. Nxe4 dxe4 8.
Nd2 f5 9. Bb2 O-O 10. g3 Bf6 11. c4 e5 12. d5 Ne7 13. Qc2 b6 14. Be2 a5 15. Rd1
Qe8 16. Nb1 Bb7 17. Nc3 Nc8 18. g4 f4 19. Nxe4 Bh4 20. Kd2 fxe3+ 21. fxe3 Nd6
22. Rdf1 Qe7 23. Nxd6 cxd6 24. Qe4 Rae8 25. a4 Bc8 26. Ba3 Bd7 27. h3 Rxf1 28.
Rxf1 Rf8 29. Rxf8+ Qxf8 30. Qf3 Qe7 31. Bd3 g6 32. Be4 Kg7 33. Kc2 Kg8 34. Kd2
Kg7 35. Ke2 Kg8 36. Bc2 Kg7 37. Bb2 Kg8 38. Bc3 Be8 39. Bd2 Kg7 1/2-1/2

[Event "Grand Pacific op"]
[Site "Victoria CAN"]
[Date "2019.04.21"]
[Round "5.10"]
[White "Hemstapat, Andrew"]
[Black "Zheng, Maven"]
[Result "1-0"]
[WhiteElo "2198"]
[BlackElo "1886"]
[PlyCount "39"]
[EventDate "2019.04.19"]
[EventType "swiss"]
[EventRounds "6"]
[EventCountry "CAN"]

1. e4 e5 2. Bc4 Nf6 3. d4 Nc6 4. Nf3 Nxe4 5. dxe5 Bc5 6. Qd5 Bxf2+ 7. Kf1 O-O
8. Qxe4 Bc5 9. Bd3 g6 10. Bg5 d5 11. Qh4 Qd7 12. Bf6 h5 13. Qg5 Be3 14. Qxe3
Kh7 15. h3 Rh8 16. Bxh8 Kxh8 17. Qh6+ Kg8 18. Ng5 Nxe5 19. Qh7+ Kf8 20. Qh8+
1-0

[Event "Grand Pacific op"]
[Site "Victoria CAN"]
[Date "2019.04.22"]
[Round "6.2"]
[White "Nyamdorj, Davaa-Ochir"]
[Black "Fier, Alexandr"]
[Result "1/2-1/2"]
[WhiteElo "2290"]
[BlackElo "2631"]
[PlyCount "150"]
[EventDate "2019.04.19"]
[EventType "swiss"]
[EventRounds "6"]
[EventCountry "CAN"]

1. e4 Nf6 2. e5 Nd5 3. d4 d6 4. Nf3 g6 5. Bc4 Nb6 6. Bb3 Bg7 7. c3 O-O 8. h3
Nc6 9. Bf4 dxe5 10. Nxe5 Nxe5 11. Bxe5 Bxe5 12. dxe5 Qxd1+ 13. Kxd1 Bf5 14. Na3
Rfd8+ 15. Ke1 Nd7 16. e6 Bxe6 17. Bxe6 fxe6 18. Ke2 Nc5 19. Rhd1 Na4 20. Rab1
Rd5 21. c4 Re5+ 22. Kf1 Nb6 23. Rd2 Kf7 24. Re1 Rxe1+ 25. Kxe1 c6 26. Rd3 Na4
27. b3 Nc5 28. Rf3+ Ke8 29. Re3 a5 30. Nb1 Rd8 31. Ke2 Rd4 32. Nc3 Kd7 33. g3
Kd6 34. Rf3 a4 35. b4 Nd7 36. Nxa4 b5 37. Nb2 bxc4 38. Rc3 Nb6 39. a4 e5 40. a5
Nd5 41. Nxc4+ Ke6 42. Rc1 Nxb4 43. Ne3 Kd7 44. Nc4 Kc7 45. f3 Rd5 46. Rb1 c5
47. Rb3 Kc6 48. a6 Rd8 49. Nxe5+ Kd5 50. f4 Ra8 51. Nd7 Rxa6 52. Rc3 Ra2+ 53.
Kf3 Ra5 54. Re3 Kd6 55. Nb6 Kc6 56. Nc8 c4 57. Nxe7+ Kd7 58. Ng8 Nd5 59. Re5
Ra3+ 60. Ke4 Nb6 61. Nf6+ Kc6 62. Nxh7 Rxg3 63. Rg5 Rxh3 64. Rxg6+ Kb5 65. Ng5
Rg3 66. Rh6 c3 67. Nf3 Nc4 68. Nd4+ Kb4 69. Rh8 Nd2+ 70. Kd5 Rd3 71. Rb8+ Ka3
72. Ra8+ Kb2 73. Rb8+ Kc1 74. Rc8 Nf1 75. Ke5 Re3+ 1/2-1/2

[Event "Grand Pacific op"]
[Site "Victoria CAN"]
[Date "2019.04.22"]
[Round "6.3"]
[White "Huang, Patrick"]
[Black "Kaufman, Raymond"]
[Result "1-0"]
[WhiteElo "2046"]
[BlackElo "2362"]
[PlyCount "75"]
[EventDate "2019.04.19"]
[EventType "swiss"]
[EventRounds "6"]
[EventCountry "CAN"]

1. d4 Nf6 2. Bf4 g6 3. Nc3 d5 4. e3 Bg7 5. h4 c5 6. Nb5 Na6 7. a4 h6 8. Nf3 Bg4
9. Be2 Bxf3 10. Bxf3 cxd4 11. exd4 Ne4 12. c3 O-O 13. Qe2 f5 14. Qe3 Kh7 15. g4
e6 16. g5 h5 17. Bg2 Re8 18. f3 e5 19. Bxe5 Qb6 20. fxe4 Bxe5 21. Qf2 Bd6 22.
e5 Rad8 23. O-O Bf8 24. Rae1 Nb8 25. Qg3 Nc6 26. e6 Re7 27. Rf2 a6 28. Na3 Qa5
29. Bh3 Qxa4 30. Qd3 Qa5 31. Bxf5 gxf5 32. Rxf5 Kg8 33. Rf7 Rxf7 34. exf7+ Kg7
35. Re6 Ne7 36. Qf3 Kh8 37. Qxh5+ Kg7 38. g6 1-0

[Event "Grand Pacific op"]
[Site "Victoria CAN"]
[Date "2019.04.22"]
[Round "6.4"]
[White "Zhu, Brandon"]
[Black "Kenney, Jason"]
[Result "1/2-1/2"]
[WhiteElo "2099"]
[BlackElo "2259"]
[PlyCount "70"]
[EventDate "2019.04.19"]
[EventType "swiss"]
[EventRounds "6"]
[EventCountry "CAN"]

1. Nf3 d5 2. g3 Nf6 3. Bg2 e6 4. c4 Be7 5. d4 O-O 6. Nc3 dxc4 7. Ne5 Nc6 8.
Bxc6 bxc6 9. Nxc6 Qe8 10. Nxe7+ Qxe7 11. Qa4 c5 12. dxc5 Qxc5 13. Be3 Qh5 14.
O-O-O Bb7 15. f3 Nd5 16. Nxd5 Bxd5 17. Bd4 c3 18. Bxc3 Rfc8 19. Qd4 f6 20. Kb1
Rc4 21. Qd2 Ra4 22. a3 Bb3 23. Rc1 Qe8 24. Qd6 Rd8 25. Qc7 Rc8 26. Qd6 Rc6 27.
Qd2 Rb6 28. h4 e5 29. h5 Bf7 30. Rhd1 Rxa3 31. Qd8 Rab3 32. Qxe8+ Bxe8 33. Rd8
Kf7 34. Ra8 Rb7 35. Kc2 Ba4 1/2-1/2

[Event "Grand Pacific op"]
[Site "Victoria CAN"]
[Date "2019.04.22"]
[Round "6.6"]
[White "Sali, Zulfikar"]
[Black "Hemstapat, Andrew"]
[Result "1-0"]
[WhiteElo "2311"]
[BlackElo "2199"]
[PlyCount "87"]
[EventDate "2019.04.19"]
[EventType "swiss"]
[EventRounds "6"]
[EventCountry "CAN"]

1. e4 e6 2. d4 d5 3. Nd2 c5 4. exd5 Qxd5 5. Ngf3 cxd4 6. Bc4 Qd6 7. O-O Nf6 8.
Nb3 Nc6 9. Nbxd4 Nxd4 10. Nxd4 a6 11. c3 Qc7 12. Bd3 Bd6 13. h3 O-O 14. Bg5
Bh2+ 15. Kh1 Bf4 16. Bxf6 gxf6 17. Qh5 f5 18. g4 Rd8 19. gxf5 e5 20. Rg1+ Kf8
21. Qxh7 Rxd4 22. Rg8+ Ke7 23. Qh4+ Kd7 24. cxd4 b5 25. Kg1 Bb7 26. Rxa8 Bxa8
27. Qf6 Kc8 28. Qh8+ Qd8 29. Qxd8+ Kxd8 30. dxe5 Bxe5 31. Rd1 Ke7 32. b3 Kf6
33. Re1 Bb7 34. Be4 Bc8 35. Rc1 Bd7 36. Kg2 Kg5 37. Kf3 b4 38. Rc5 Kf6 39. Kg4
Bb5 40. h4 Bd4 41. Rc2 Ke5 42. f3 Be3 43. h5 a5 44. h6 1-0

[Event "Grand Pacific op"]
[Site "Victoria CAN"]
[Date "2019.04.22"]
[Round "6.7"]
[White "Murray, Mike"]
[Black "Doknjas, John"]
[Result "0-1"]
[WhiteElo "2024"]
[BlackElo "2304"]
[PlyCount "70"]
[EventDate "2019.04.19"]
[EventType "swiss"]
[EventRounds "6"]
[EventCountry "CAN"]

1. d4 Nf6 2. Nc3 d5 3. Bf4 c5 4. e3 a6 5. dxc5 Nc6 6. a3 e5 7. Bg5 Be6 8. b4
Be7 9. Nf3 O-O 10. Be2 Qc7 11. O-O Rad8 12. Qb1 h6 13. Bh4 g5 14. Bg3 Ne4 15.
Nxe4 dxe4 16. Nd4 Nxd4 17. exd4 Rxd4 18. c3 Rd2 19. Qe1 Rdd8 20. h4 f5 21. hxg5
f4 22. Bh2 hxg5 23. f3 e3 24. g3 Bh3 25. Kh1 Bxf1 26. Qxf1 Kg7 27. gxf4 exf4
28. Rd1 Rd2 29. Rxd2 exd2 30. Bg1 Qd7 31. Bd4+ Bf6 32. Bxf6+ Rxf6 33. Bd1 Re6
34. Qg2 Re1+ 35. Kh2 Kh6 0-1

[Event "Grand Pacific op"]
[Site "Victoria CAN"]
[Date "2019.04.22"]
[Round "6.8"]
[White "Kostadinov, Georgi"]
[Black "Bhavik, Dave"]
[Result "1-0"]
[WhiteElo "2205"]
[BlackElo "1932"]
[PlyCount "81"]
[EventDate "2019.04.19"]
[EventType "swiss"]
[EventRounds "6"]
[EventCountry "CAN"]

1. c4 Nf6 2. g3 c6 3. Bg2 d5 4. b3 Bf5 5. Bb2 e6 6. Nf3 Nbd7 7. O-O Bd6 8. d3
Qe7 9. Nbd2 O-O 10. Re1 e5 11. e4 dxe4 12. dxe4 Bg4 13. Qc2 Rad8 14. h3 Bh5 15.
Nh4 Bc7 16. Nf5 Qe6 17. Ba3 Rfe8 18. c5 Bg6 19. Nc4 Rf8 20. Ncd6 Rb8 21. Rad1
Ne8 22. b4 Nxd6 23. Nxd6 Rfd8 24. Rd2 Nf8 25. Red1 Qe7 26. Bb2 f6 27. Bf1 Bf7
28. Nxf7 Kxf7 29. Bc4+ Ke8 30. b5 Ne6 31. Ba3 Nd4 32. Qa4 Nf3+ 33. Kg2 Nxd2 34.
bxc6 Nxc4 35. cxb7+ Kf8 36. Rxd8+ Bxd8 37. Qxc4 Rxb7 38. c6 Qxa3 39. cxb7 Qd6
40. Qc8 Qd4 41. b8=Q 1-0

[Event "Grand Pacific op"]
[Site "Victoria CAN"]
[Date "2019.04.22"]
[Round "6.10"]
[White "Doknjas, Neil"]
[Black "Windram, James"]
[Result "0-1"]
[WhiteElo "2102"]
[BlackElo "1915"]
[PlyCount "202"]
[EventDate "2019.04.19"]
[EventType "swiss"]
[EventRounds "6"]
[EventCountry "CAN"]

1. e4 c5 2. Nf3 Nc6 3. d4 cxd4 4. Nxd4 Nf6 5. Nc3 d6 6. Be3 Ng4 7. Nd5 Nxe3 8.
Nxe3 g6 9. Qd2 Bg7 10. c3 Bd7 11. Be2 a6 12. Nb3 Rc8 13. f4 b5 14. O-O O-O 15.
Kh1 Rb8 16. Rad1 Bc8 17. Nd5 Bb7 18. Rf3 e6 19. Ne3 Ne7 20. Qc2 Qc7 21. Rh3
Rbc8 22. Bf3 Rfd8 23. Qf2 d5 24. e5 a5 25. Nd4 Ba6 26. Qh4 h5 27. g4 hxg4 28.
Nxg4 b4 29. cxb4 axb4 30. Nf6+ Kf8 31. Qg5 Qb6 32. Rh7 Rc4 33. Ne2 Qe3 34. Qg2
Rc2 35. Re1 Bxe2 36. Bxe2 Rc1 37. Rxc1 Qxc1+ 38. Bf1 Qxf4 39. Qh3 Bxf6 40. exf6
Qxf6 41. Qg2 Ng8 42. Bd3 Qe5 43. Qf2 Nf6 44. Rh8+ Ke7 45. Qc5+ Qd6 46. Qa7+ Qd7
47. Qc5+ Qd6 48. Qa7+ Nd7 49. Rh7 d4 50. Qb7 Qc5 51. Qg2 Qc1+ 52. Bf1 d3 53.
Qf2 Rf8 54. Qh4+ Ke8 55. Kg2 d2 56. Be2 d1=Q 57. Bxd1 Qxd1 58. Qxb4 Qe2+ 59.
Kg1 Qd1+ 60. Kf2 Qc2+ 61. Ke1 Qb1+ 62. Kd2 Qxa2 63. Rh3 Qd5+ 64. Rd3 Qg2+ 65.
Kc3 Qc6+ 66. Kd2 Rh8 67. h4 Rh5 68. Rc3 Rd5+ 69. Ke1 Re5+ 70. Kd2 Qg2+ 71. Kd1
Qf1+ 72. Kc2 Qa6 73. Ra3 Qc6+ 74. Kb1 Rc5 75. Qe1 Rc4 76. Re3 Rc5 77. Qd2 Qh1+
78. Re1 Qxh4 79. Qd1 Qc4 80. Qd2 Rd5 81. Qf2 Qd3+ 82. Qc2 Qxc2+ 83. Kxc2 g5 84.
Kc3 g4 85. b4 Nb6 86. Ra1 g3 87. Rg1 Rg5 88. Kd4 Kd7 89. Ke3 f5 90. Kf4 Rg8 91.
b5 Kd6 92. Kf3 e5 93. Rd1+ Kc5 94. Kg2 Kxb5 95. Rf1 f4 96. Re1 Nc4 97. Re4 Ne3+
98. Kg1 Rg5 99. Kh1 g2+ 100. Kg1 Rh5 101. Kf2 Rh1 0-1

[Event "Grand Prix Leg #2"]
[Site "Calgary CAN"]
[Date "2019.03.19"]
[Round "5"]
[White "Chandra, Anand Rishi"]
[Black "Vasic, Maxim"]
[Result "0-1"]
[WhiteElo "2043"]
[BlackElo "2121"]
[PlyCount "63"]
[EventDate "2019.02.12"]
[EventType "swiss"]
[EventRounds "5"]
[EventCountry "CAN"]

1. e4 e5 2. Nf3 Nf6 3. Nxe5 d6 4. Nf3 Nxe4 5. d4 d5 6. Bd3 Bd6 7. O-O Bg4 8.
Re1 f5 9. c4 O-O 10. Nc3 Bxh2+ 11. Kf1 c6 12. cxd5 cxd5 13. Qb3 Bxf3 14. gxf3
Nxf2 15. Kxf2 Qh4+ 16. Ke2 Re8+ 17. Ne4 fxe4 18. Qxd5+ Kh8 19. Bxe4 Nc6 20. Bg5
Qh3 21. Rad1 Qg2+ 22. Ke3 Nb4 23. Qf5 Nc2+ 24. Kd3 Nxe1+ 25. Rxe1 Rxe4 26. Qxe4
h6 27. Bd2 Rf8 28. f4 Qh3+ 29. Qe3 Qf5+ 30. Ke2 Qb5+ 31. Kf2 Bxf4 32. Qe7 0-1

[Event "Grand Prix Leg #3"]
[Site "Calgary CAN"]
[Date "2019.03.26"]
[Round "1"]
[White "Chen, Andrew"]
[Black "Eslahpazir, Roham"]
[Result "1-0"]
[WhiteElo "2045"]
[BlackElo "1736"]
[PlyCount "46"]
[EventDate "2019.03.26"]
[EventType "swiss"]
[EventRounds "5"]
[EventCountry "CAN"]

1. e4 c5 2. Nc3 g6 3. g3 Bg7 4. Bg2 e5 5. d3 Ne7 6. Be3 d6 7. Nh3 Nbc6 8. O-O
O-O 9. f4 f5 10. Ng5 h6 11. Nf3 Be6 12. Qd2 Kh7 13. fxe5 fxe4 14. Nxe4 Nxe5 15.
Neg5+ hxg5 16. Nxg5+ Kg8 17. Nxe6 Rxf1+ 18. Rxf1 Qd7 19. Nxg7 Kxg7 20. Bh6+ Kh7
21. Bf8 Nf5 22. Rxf5 gxf5 23. Qh6+ Kg8 1-0

[Event "Grand Prix Leg #3"]
[Site "Calgary CAN"]
[Date "2019.03.26"]
[Round "1"]
[White "Milne, Arthur"]
[Black "Chandra, Anand Rishi"]
[Result "0-1"]
[WhiteElo "1628"]
[BlackElo "2043"]
[PlyCount "60"]
[EventDate "2019.03.26"]
[EventType "swiss"]
[EventRounds "5"]
[EventCountry "CAN"]

1. b4 e5 2. a3 d5 3. Bb2 Bd6 4. d3 Be6 5. e4 c6 6. Be2 Ne7 7. c4 O-O 8. Nc3 d4
9. Nb1 f5 10. Nd2 a5 11. c5 Bc7 12. Ngf3 Ng6 13. g3 Na6 14. Qa4 f4 15. Bd1 Bh3
16. Qb3+ Kh8 17. Be2 Qf6 18. O-O-O axb4 19. axb4 b6 20. cxb6 Bxb6 21. Nc4 Bc7
22. Rhg1 Be6 23. Ba3 Rfb8 24. Kc2 Bd6 25. Ra1 Bxb4 26. Bxb4 Nxb4+ 27. Kd2 Na2
28. Qc2 Nc3 29. Ra5 Bxc4 30. Rxa8 Rxa8 0-1

[Event "Grand Prix Leg #3"]
[Site "Calgary CAN"]
[Date "2019.03.26"]
[Round "1"]
[White "Qin, Kevin"]
[Black "Vasic, Maxim"]
[Result "0-1"]
[WhiteElo "1718"]
[BlackElo "2121"]
[PlyCount "50"]
[EventDate "2019.03.26"]
[EventType "swiss"]
[EventRounds "5"]
[EventCountry "CAN"]

1. Nf3 Nf6 2. c4 c5 3. g3 Nc6 4. Nc3 d6 5. Bg2 Bg4 6. d3 e6 7. h3 Bh5 8. b3 Be7
9. Bb2 O-O 10. O-O a6 11. d4 Bxf3 12. Bxf3 cxd4 13. Nb1 e5 14. Nd2 Nd7 15. e3
dxe3 16. fxe3 Bg5 17. Qe2 f5 18. Bd5+ Kh8 19. Be6 g6 20. Ba3 Nc5 21. Bxc5 dxc5
22. Nb1 Nd4 23. exd4 Qxd4+ 24. Kg2 Qxa1 25. Nd2 Qxa2 0-1